000
00299nam a22001337a 4500
008
170608b xxu||||| |||| 00| 0 eng d
020
_a
1403971455
041
_a
eng
080
_a
327
100
_a
18
101
_a
SHP
245
_a
POLITICS IS ABOUT RELATIONSHIP
_c
SAUNDERS,H.H
942
_2
udc
_c
BK
999
_c
16487
_d
16487